Adaptive optimal control : (Record no. 175943)
[ view plain ]
| 000 -LEADER | |
|---|---|
| fixed length control field | 01129 a2200229 4500 |
| 003 - CONTROL NUMBER IDENTIFIER | |
| control field | Nust |
| 005 - DATE AND TIME OF LATEST TRANSACTION | |
| control field | 20221007091625.0 |
| 010 ## - LIBRARY OF CONGRESS CONTROL NUMBER | |
| LC control number | 90007531 |
| 020 ## - INTERNATIONAL STANDARD BOOK NUMBER | |
| International Standard Book Number | 0130132772 |
| 040 ## - CATALOGING SOURCE | |
| Transcribing agency | Nust |
| 082 00 - DEWEY DECIMAL CLASSIFICATION NUMBER | |
| Classification number | 629.836,BIT |
| 100 1# - MAIN ENTRY--PERSONAL NAME | |
| Personal name | Bitmead, Robert R. |
| 9 (RLIN) | 99419 |
| 245 10 - TITLE STATEMENT | |
| Title | Adaptive optimal control : |
| Remainder of title | the thinking man's GPC / |
| Statement of responsibility, etc. | Robert R. Bitmead, Michel Gevers, Vincent Wertz. |
| 260 ## - PUBLICATION, DISTRIBUTION, ETC. | |
| Place of publication, distribution, etc. | New York : |
| Name of publisher, distributor, etc. | Prentice Hall, |
| Date of publication, distribution, etc. | c1990. |
| 300 ## - PHYSICAL DESCRIPTION | |
| Extent | xi, 244 p. : |
| Other physical details | ill. ; |
| Dimensions | 24 cm. |
| 440 #0 - SERIES STATEMENT/ADDED ENTRY--TITLE | |
| Title | Prentice Hall international series in systems and control engineering |
| 9 (RLIN) | 99420 |
| 505 ## - FORMATTED CONTENTS NOTE | |
| Formatted contents note | The Scene, The Props, the Players (Page-1), Generalized Predictive Control (Page-21), Linear Quadratic Gaussian Optimal Control (Page-43), Stability and Performance Properties of Receding Horizon LQ Control (Page-83).Robust LQG Design (Page-113), Recursive Least Squares Identification in Adaptive Control (Page-147), A Candidate Robust Adaptive Predictive Controller (Page-175), Judgement Dernier (Page-205). |
| 650 #0 - SUBJECT ADDED ENTRY--TOPICAL TERM | |
| Topical term or geographic name entry element | Adaptive control systems. |
| 700 1# - ADDED ENTRY--PERSONAL NAME | |
| Personal name | Gevers, Michel. |
| 9 (RLIN) | 99421 |
| 700 1# - ADDED ENTRY--PERSONAL NAME | |
| Personal name | Wertz, Vincent. |
| 9 (RLIN) | 84673 |
| 942 ## - ADDED ENTRY ELEMENTS (KOHA) | |
| Koha item type | Reference |
| Source of classification or shelving scheme | |
| Withdrawn status | Lost status | Source of classification or shelving scheme | Damaged status | Not for loan | Permanent Location | Current Location | Shelving location | Date acquired | Full call number | Barcode | Date last seen | Price effective from | Koha item type | Public note |
|---|---|---|---|---|---|---|---|---|---|---|---|---|---|---|
| Military College of Signals (MCS) | Military College of Signals (MCS) | Reference | 12/12/2016 | 629.836,BIT | MCS21298 | 12/08/2016 | 12/12/2016 | Book | Almirah No.24, Shelf No.3 |
